| 000 | 00598nam a2200205 a 4500 | ||
|---|---|---|---|
| 001 | 000006298 | ||
| 005 | 20200929153918.0 | ||
| 008 | 810203s1993 sp 000 1 cat d | ||
| 020 | _a842971667X | ||
| 040 |
_aDO-SdBNP _bCAT _cBNPHU _dDLC |
||
| 050 | 0 | 0 | _aMLCS 91/17588 (P) |
| 082 |
_ann* _bR741h |
||
| 100 | 1 |
_aRoig, Montserrat, _d1946- _917582 |
|
| 245 | 1 | 2 |
_aL'hora violeta / _cMontserrat Roig. |
| 260 |
_aBarcelona : _bEdicions 62, _c1993. |
||
| 300 |
_a232 p. ; _c20 cm. |
||
| 490 | 1 |
_aEl Balancí ; _vno. 127 |
|
| 830 | 0 |
_aEl Balancí ; _vno. 127 _917583 |
|
| 910 | _aCatalogación original noche | ||
| 999 |
_c6093 _d6093 |
||